|
|
|
|
| LEADER |
03358nam a22005535i 4500 |
| 001 |
978-3-642-13675-7 |
| 003 |
DE-He213 |
| 005 |
20151204173116.0 |
| 007 |
cr nn 008mamaa |
| 008 |
100611s2010 gw | s |||| 0|eng d |
| 020 |
|
|
|a 9783642136757
|9 978-3-642-13675-7
|
| 024 |
7 |
|
|a 10.1007/978-3-642-13675-7
|2 doi
|
| 040 |
|
|
|d GrThAP
|
| 050 |
|
4 |
|a QA75.5-76.95
|
| 072 |
|
7 |
|a UYZG
|2 bicssc
|
| 072 |
|
7 |
|a COM037000
|2 bisacsh
|
| 082 |
0 |
4 |
|a 004.0151
|2 23
|
| 245 |
1 |
0 |
|a Applications and Theory of Petri Nets
|h [electronic resource] :
|b 31st International Conference, PETRI NETS 2010, Braga, Portugal, June 21-25, 2010. Proceedings /
|c edited by Johan Lilius, Wojciech Penczek.
|
| 264 |
|
1 |
|a Berlin, Heidelberg :
|b Springer Berlin Heidelberg,
|c 2010.
|
| 300 |
|
|
|a X, 329 p. 129 illus.
|b online resource.
|
| 336 |
|
|
|a text
|b txt
|2 rdacontent
|
| 337 |
|
|
|a computer
|b c
|2 rdamedia
|
| 338 |
|
|
|a online resource
|b cr
|2 rdacarrier
|
| 347 |
|
|
|a text file
|b PDF
|2 rda
|
| 490 |
1 |
|
|a Lecture Notes in Computer Science,
|x 0302-9743 ;
|v 6128
|
| 505 |
0 |
|
|a Invited Papers -- Instance Deadlock: A Mystery behind Frozen Programs -- Some Thoughts on Behavioral Programming -- Petri Nets with Localities and Testing -- A Perspective on Explicit State Space Exploration of Coloured Petri Nets: Past, Present, and Future -- Full Papers -- Can Stubborn Sets Be Optimal? -- Efficient Computation of Causal Behavioural Profiles Using Structural Decomposition -- Canonical Transition Set Semantics for Petri Nets -- A Characterization of Combined Traces Using Labeled Stratified Order Structures -- Integrated Process Planning and Supply Chain Configuration for Commodity Assemblies Using Petri Nets -- The NEO Protocol for Large-Scale Distributed Database Systems: Modelling and Initial Verification -- Factorization Properties of Symbolic Unfoldings of Colored Petri Nets -- Forward Analysis for Petri Nets with Name Creation -- Learning Workflow Petri Nets -- Process Mining from a Basis of State Regions -- Separability in Persistent Petri Nets -- New Algorithms for Deciding the Siphon-Trap Property -- Tool Papers -- AlPiNA: A Symbolic Model Checker -- Wendy: A Tool to Synthesize Partners for Services -- GreatSPN Enhanced with Decision Diagram Data Structures -- PNML Framework: An Extendable Reference Implementation of the Petri Net Markup Language.
|
| 650 |
|
0 |
|a Computer science.
|
| 650 |
|
0 |
|a Software engineering.
|
| 650 |
|
0 |
|a Computer programming.
|
| 650 |
|
0 |
|a Programming languages (Electronic computers).
|
| 650 |
|
0 |
|a Computers.
|
| 650 |
|
0 |
|a Computer logic.
|
| 650 |
1 |
4 |
|a Computer Science.
|
| 650 |
2 |
4 |
|a Computation by Abstract Devices.
|
| 650 |
2 |
4 |
|a Programming Techniques.
|
| 650 |
2 |
4 |
|a Software Engineering/Programming and Operating Systems.
|
| 650 |
2 |
4 |
|a Software Engineering.
|
| 650 |
2 |
4 |
|a Logics and Meanings of Programs.
|
| 650 |
2 |
4 |
|a Programming Languages, Compilers, Interpreters.
|
| 700 |
1 |
|
|a Lilius, Johan.
|e editor.
|
| 700 |
1 |
|
|a Penczek, Wojciech.
|e editor.
|
| 710 |
2 |
|
|a SpringerLink (Online service)
|
| 773 |
0 |
|
|t Springer eBooks
|
| 776 |
0 |
8 |
|i Printed edition:
|z 9783642136740
|
| 830 |
|
0 |
|a Lecture Notes in Computer Science,
|x 0302-9743 ;
|v 6128
|
| 856 |
4 |
0 |
|u http://dx.doi.org/10.1007/978-3-642-13675-7
|z Full Text via HEAL-Link
|
| 912 |
|
|
|a ZDB-2-SCS
|
| 912 |
|
|
|a ZDB-2-LNC
|
| 950 |
|
|
|a Computer Science (Springer-11645)
|